The life and works of Rizal : outcomes-based module / Jane Espina-Clemente, Geoffrey Rhoel C. Cruz. (Record no. 20305)

000 -LEADER
fixed length control field 00970nam a22001817a 4500
020 ## - INTERNATIONAL STANDARD BOOK NUMBER
ISBN 9789719820055
082 ## - DEWEY DECIMAL CLASSIFICATION NUMBER
Classification number 923.7
Item number Es774 2024
100 ## - MAIN ENTRY--AUTHOR NAME
Personal name Espina-Clemente, Janet, author.
245 ## - TITLE STATEMENT
Title The life and works of Rizal : outcomes-based module / Jane Espina-Clemente, Geoffrey Rhoel C. Cruz.
260 ## - PUBLICATION, DISTRIBUTION, ETC. (IMPRINT)
Place of publication Quezon City :
Name of publisher C & E Publishing,
Year of publication ©2024.
300 ## - PHYSICAL DESCRIPTION
Number of Pages ix, 276 pages :
Other physical details illustrations ; 22 cm.
500 ## - GENERAL NOTE
General note Includes bibliographical references and index.
505 ## - FORMATTED CONTENTS NOTE
Formatted contents note Module 1. The Rizal Law, The Theory of Nationalism, and the 19th Century Philippines in Rizal’s Context Module 2. Rizal’s Cultural Roots Module 3. Rizal’s National Consciousness Module 4. The Search for Filipino Origins Module 5. Rizal’s Change in Perspective on the Spanish Rule Module 6. Rizal’s Heroism, The Nation and the world.
650 ## - SUBJECT ADDED ENTRY--TOPICAL TERM
Topical Term Rizal, Jose, 1861-1896.
650 ## - SUBJECT ADDED ENTRY--TOPICAL TERM
Topical Term Heroes -- Philippines -- Biography.
700 ## - ADDED ENTRY--PERSONAL NAME
Personal name Cruz, Geoffrey Rhoel C.
942 ## - ADDED ENTRY ELEMENTS (KOHA)
Koha item type Books
Holdings
Source of acquisition Permanent Location Date acquired Koha item type Collection code Accession Number Lost status Shelving location Withdrawn status Current Location Full call number
SchoolCagayan State University - Carig Library2025-03-12BooksFilipiniana010694 Filipiniana Section Cagayan State University - Carig Library923.7 Es774 2024
SchoolCagayan State University - Carig Library2025-03-12BooksFilipiniana010695 Filipiniana Section Cagayan State University - Carig Library923.7 Es774 2024
SchoolCagayan State University - Carig Library2025-03-12BooksFilipiniana010696 Filipiniana Section Cagayan State University - Carig Library923.7 Es774 2024
SchoolCagayan State University - Carig Library2025-03-12BooksFilipiniana010697 Filipiniana Section Cagayan State University - Carig Library923.7 Es774 2024
SchoolCagayan State University - Carig Library2025-03-12BooksFilipiniana010698 Filipiniana Section Cagayan State University - Carig Library923.7 Es774 2024

Cagayan State University University Library, Carig Campus
Tuguegarao City, Cagayan 3500 | www.csucarig.edu.ph

Powered by Koha